The theory of interest rates : (Record no. 4188)
[ view plain ]
| 000 -LEADER | |
|---|---|
| fixed length control field | 01064cam a22002771 4500 |
| 001 - CONTROL NUMBER | |
| control field | 4188 |
| 003 - CONTROL NUMBER IDENTIFIER | |
| rucl marc code | BD-RjUL |
| 005 - DATE AND TIME OF LATEST TRANSACTION | |
| control field | 20211208233841.0 |
| 008 - FIXED-LENGTH DATA ELEMENTS--GENERAL INFORMATION | |
| fixed length control field | 131222s1965 enka b 100 0 eng |
| 035 ## - SYSTEM CONTROL NUMBER | |
| System control number | (BD-RjUL)4222 |
| System control number | (OCoLC)284573 |
| 040 ## - CATALOGING SOURCE | |
| Original cataloging agency | DLC |
| Transcribing agency | OClU |
| Modifying agency | OCoLC |
| -- | NBrockU |
| -- | OCoLC |
| -- | NBiSU |
| -- | Uk |
| -- | DLC |
| -- | BD-RjUL |
| Language of cataloging | eng |
| 041 ## - LANGUAGE CODE | |
| Language code of text/sound track or separate title | eng |
| 082 00 - DEWEY DECIMAL CLASSIFICATION NUMBER | |
| Classification number | 332.67 |
| Author mark and year | THE 1965 |
| 111 2# - MAIN ENTRY--MEETING NAME | |
| Meeting name or jurisdiction name as entry element | Conference on the Theory of Interest and Money |
| Date of meeting | (1962 : |
| Location of meeting | Royaumont, France) |
| 9 (RLIN) | 134180 |
| 245 14 - TITLE STATEMENT | |
| Title | The theory of interest rates : |
| Remainder of title | proceedings of a conference held by the International Economic Association / |
| Statement of responsibility, etc. | Edited by F.H. Hahn and F.P.R. Brechling. |
| 260 ## - PUBLICATION, DISTRIBUTION, ETC. (IMPRINT) | |
| Place of publication, distribution, etc. | London ; |
| Name of publisher, distributor, etc. | Macmillan : |
| Place of publication, distribution, etc. | New York ; |
| Name of publisher, distributor, etc. | St. Martin's Press, |
| Date of publication, distribution, etc. | 1965. |
| 300 ## - PHYSICAL DESCRIPTION | |
| Pagination | xv, 364 p. : |
| Illustrations | ill. ; |
| Size | 23 cm. |
| 504 ## - BIBLIOGRAPHY, ETC. NOTE | |
| Bibliography, etc | Bibliography: p. 239-241. Bibliographical footnotes. |
| 650 #0 - SUBJECT ADDED ENTRY--TOPICAL TERM | |
| Topical term or geographic name as entry element | Interest. |
| 9 (RLIN) | 13280 |
| 700 1# - ADDED ENTRY--PERSONAL NAME | |
| Personal name | Hahn, Frank, |
| Relator term | ed. |
| Personal name | Brechling, Frank P. R., |
| Relator term | ed. |
| 710 2# - ADDED ENTRY--CORPORATE NAME | |
| Corporate name or jurisdiction name as entry element | International Economic Association. |
| 9 (RLIN) | 6849 |
| 942 ## - ADDED ENTRY ELEMENTS (KOHA) | |
| Source of classification or shelving scheme | Dewey Decimal Classification |
| Koha item type | Books |
| Lost status | Source of classification or shelving scheme | Damaged status | Not for loan | Collection code | Permanent Location | Current Location | Shelving location | Date acquired | Source of acquisition | Cost, normal purchase price | Total Checkouts | Full call number | Date last seen | Copy number | Koha item type |
|---|---|---|---|---|---|---|---|---|---|---|---|---|---|---|---|
| Dewey Decimal Classification | Not For Loan | Non-fiction | Central Library, University of Rajshahi | Central Library, University of Rajshahi | 03/12/1968 | Zeitlinger | 50.00 | 332.67 THE 1965 | 22/12/2013 | C-2 | Books | ||||
| Dewey Decimal Classification | Non-fiction | Central Library, University of Rajshahi | Central Library, University of Rajshahi | 03/12/1968 | Zeitlinger | 50.00 | 332.67 THE 1965 | 26/06/2016 | C-3 | Books |